[Event "Petrosjan Memorial"]
[Site "SchemingMind.com"]
[Date "2011.03.01"]
[Round "-"]
[White "petrus"]
[Black "vetran"]
[Result "0-1"]
[WhiteCountry "BEL"]
[BlackCountry "NED"]
[WhiteElo "1861"]
[WhiteRD "76"]
[BlackElo "1980"]
[BlackRD "108"]
[GameID "277342"]

1. d4 Nf6 2. e3 g6 3. Bd3 Bg7 4. e4 d6 5. c3 O-O 6. h3 e5 7. Bg5 h6 8. Be3 Nc6 9. Qd2 Kh7 10. g4 d5
11. f3 dxe4 12. dxe5 Nxe5 13. Be2 Qe7 14. f4 Rd8 15. Qc1 Nd3+ 16. Bxd3 exd3 17. Nf3 d2+ 18. Nbxd2 Qxe3+
0-1

[Event "Petrosjan Memorial"]
[Site "SchemingMind.com"]
[Date "2011.03.01"]
[Round "-"]
[White "michel"]
[Black "vetran"]
[Result "1-0"]
[WhiteCountry "CAN"]
[BlackCountry "NED"]
[WhiteElo "2048"]
[WhiteRD "62"]
[BlackElo "2032"]
[BlackRD "84"]
[GameID "277343"]

1. Nf3 c5 2. c4 Nc6 3. d4 cxd4 4. Nxd4 Nf6 5. Nc3 e6 6. g3 Qb6 7. Ndb5 Ne5 8. Bg2 a6 9. Qa4 Rb8 10. Na3 Bc5
11. O-O O-O 12. Bf4 d6 13. Rab1 Bd7 14. Qc2 Bc6 15. Na4 Bxa4 16. Qxa4 Bxa3 17. bxa3 Qc7 18. Rfc1 Nfd7 19. Qb4 Rfc8 20. Bxb7 Nc5
21. Bxc8 Rxb4 22. axb4 Qxc8 23. bxc5 g5 24. Bxe5 dxe5 25. Rb6 Qxc5 26. Rxa6 e4 27. e3 h5 28. Ra8+ Kg7 29. Rb8 Kf6 30. Rb5 Qc6
31. a4 h4 32. a5 h3 33. Rb2 Qc5 34. a6 Qf5 35. Kf1 Qf3 36. Ke1 Qh1+ 37. Kd2 Qxh2 38. Kc3
1-0

[Event "Petrosjan Memorial"]
[Site "SchemingMind.com"]
[Date "2011.03.12"]
[Round "-"]
[White "SittingBull"]
[Black "tyler_ensor"]
[Result "1-0"]
[WhiteCountry "CAN"]
[BlackCountry "CAN"]
[WhiteElo "1908"]
[WhiteRD "64"]
[BlackElo "1801"]
[BlackRD "69"]
[GameID "278296"]

1. e4 c5 2. Nf3 d6 3. d4 cxd4 4. Nxd4 Nf6 5. Nc3 a6 6. Bg5 e6 7. f4 Qb6 8. Qd2 Qxb2 9. Nb3 Qa3 10. Bxf6 gxf6
11. Be2 Nc6 12. O-O Bd7 13. Bh5 Rg8 14. f5 e5 15. Nd5 Rg5 16. Nc7+ Kd8 17. Nxa8 Rxh5 18. Nb6 Bh6 19. Qe2 Na5 20. Nxd7 Kxd7
21. Qxh5
1-0

[Event "Petrosjan Memorial"]
[Site "SchemingMind.com"]
[Date "2011.03.18"]
[Round "-"]
[White "SittingBull"]
[Black "Zerstörer"]
[Result "1/2-1/2"]
[WhiteCountry "CAN"]
[BlackCountry "ITA"]
[WhiteElo "1854"]
[WhiteRD "66"]
[BlackElo "1978"]
[BlackRD "75"]
[GameID "278297"]

1. e4 c5 2. Nf3 g6 3. c4 Bg7 4. d4 cxd4 5. Nxd4 Nc6 6. Nc2 d6 7. Nc3 Nf6 8. Be2 O-O 9. O-O Bd7 10. Bd2 Qc7
11. Nd5 Nxd5 12. cxd5 Nd8 13. Rb1 b6 14. Be3 Nb7 15. Qd2 Nc5 16. f3 Rac8 17. Rfc1 Qb8 18. Bd4 Rc7 19. Bxg7 Kxg7 20. Nd4 Rfc8
21. b4 Na4 22. Nb5 Bxb5 23. Bxb5 Nc3 24. Rxc3 Rxc3 25. Bc6 R3xc6 26. dxc6 Rxc6 27. Qd4+ f6 28. a4 Qc7 29. a5 bxa5 30. bxa5 Rc1+
31. Rxc1 Qxc1+ 32. Kf2 Qc7 33. a6 Kf7 34. Qd5+ Kf8 35. Qa8+ Kg7 36. Qb7 Qc5+ 37. Ke2 Kf7 38. Qb3+=
1/2-1/2

[Event "Petrosjan Memorial"]
[Site "SchemingMind.com"]
[Date "2011.03.12"]
[Round "-"]
[White "SittingBull"]
[Black "miriskra"]
[Result "1-0"]
[WhiteCountry "CAN"]
[BlackCountry "WLS"]
[WhiteElo "1919"]
[WhiteRD "86"]
[BlackElo "1852"]
[BlackRD "54"]
[GameID "278298"]

1. e4 c6 2. d4 d5 3. e5 Bf5 4. h4 h5 5. Bg5 Qb6 6. Bd3 Bxd3 7. Qxd3 Qxb2 8. e6 f6 9. Be3 Qxa1 10. Qb3 b6
11. Nf3 Nh6 12. Bd2 a5 13. Qxb6 Qxa2 14. Qb7 Kd8 15. Bf4 Qa4 16. Qc7+ Ke8 17. Qc8#
1-0

[Event "Petrosjan Memorial"]
[Site "SchemingMind.com"]
[Date "2011.03.13"]
[Round "-"]
[White "SittingBull"]
[Black "petrus"]
[Result "1/2-1/2"]
[WhiteCountry "CAN"]
[BlackCountry "BEL"]
[WhiteElo "1918"]
[WhiteRD "64"]
[BlackElo "1845"]
[BlackRD "85"]
[GameID "278299"]

1. e4 e5 2. Nf3 Nc6 3. Bb5 Nge7 4. c3 a6 5. Ba4 d6 6. d4 b5 7. Bb3 Bg4 8. Bxf7+ Kxf7 9. Ng5+ Ke8 10. Qxg4 Ng6
11. Qe6+ Qe7 12. Qxe7+ Kxe7 13. Be3 h6 14. Nf3 Kd7 15. Nbd2 Be7 16. O-O-O Rhf8 17. dxe5 Ncxe5 18. Nxe5+ Nxe5 19. h3 Nd3+ 20. Kc2 Nxf2
21. Bxf2 Rxf2 22. g4 Bg5 23. Kd3 Raf8 24. h4 Bxd2 25. Rxd2 Rxd2+ 26. Kxd2 Rf2+ 27. Kc1 Rf4 28. g5 Rxe4 29. gxh6 gxh6 30. Kc2 Ke6
31. Rh2 Kf5 32. Kd3 c5 33. Kc2 Kg4 34. Rg2+ Kh5 35. Rd2 Re6 36. Rh2 d5 37. Rd2 Re5 38. Rf2 Kxh4 39. Rf6 Kg5 40. Rxa6 h5
41. Ra5 h4 42. Rxb5 h3 43. Rb8 Kg4 44. Rh8 Rg5 45. a4 Kg3 46. a5 h2 47. a6 Rg7 48. b4 Kg2 49. b5 Ra7 50. b6 Rxa6
51. b7 Rb6 52. Rg8+= Kf3 53. Rh8 Rxb7 54. Rxh2 Ke4 55. Rh6 Rf7 56. Re6+ Kf3 57. Rc6 c4 58. Rd6 Ke4 59. Re6+ Kf5 60. Re2 Ra7
61. Kb2 Rb7+ 62. Kc2 Rb6 63. Re8 Re6 64. Rf8+ Ke5 65. Rf2 Kd6 66. Rh2= Kc5 67. Rg2 Re4 68. Rh2 Re3 69. Rd2 Re4 70. Rh2 d4
71. Rh5+ Kd6 72. cxd4 Rxd4 73. Kc3 Re4 74. Rg5=
1/2-1/2

[Event "Petrosjan Memorial"]
[Site "SchemingMind.com"]
[Date "2011.03.12"]
[Round "-"]
[White "SittingBull"]
[Black "michel"]
[Result "1/2-1/2"]
[WhiteCountry "CAN"]
[BlackCountry "CAN"]
[WhiteElo "1919"]
[WhiteRD "86"]
[BlackElo "1951"]
[BlackRD "68"]
[GameID "278300"]

1. e4 e5 2. Nf3 Nc6 3. Bb5 Nge7 4. c3 a6 5. Ba4 g6 6. O-O Bg7 7. d4 b5 8. Bb3 exd4 9. cxd4 O-O 10. Bg5 Na5
11. Bc2 d6 12. Nc3 Bg4 13. Qd3 f6 14. Be3 Bxf3 15. gxf3 Kh8 16. b3 Nac6 17. a3 Qd7 18. f4 Qg4+=
1/2-1/2

[Event "Petrosjan Memorial"]
[Site "SchemingMind.com"]
[Date "2011.03.13"]
[Round "-"]
[White "SittingBull"]
[Black "vetran"]
[Result "0-1"]
[WhiteCountry "CAN"]
[BlackCountry "NED"]
[WhiteElo "1916"]
[WhiteRD "63"]
[BlackElo "2070"]
[BlackRD "69"]
[GameID "278301"]

1. e4 e5 2. Nf3 Nc6 3. Bb5 a6 4. Ba4 Nf6 5. Qe2 b5 6. Bb3 Bc5 7. O-O O-O 8. c3 d5 9. d3 d4 10. h3 h6
11. Rd1 Be6 12. Bxe6 fxe6 13. Nbd2 Bb6 14. Nb3 Qe8 15. cxd4 Nxd4 16. Nbxd4 exd4 17. Bf4 Nh5 18. Bh2 Nf4 19. Bxf4 Rxf4 20. Rac1 e5
21. Rc2 Qe6 22. Nh2 Raf8 23. f3 c5 24. b3 Rc8 25. Rdc1 Rf7 26. Nf1 c4 27. bxc4 bxc4 28. Kh1 c3 29. Nd2 Bd8 30. Nc4 Rb7
31. Qf2 Rxc4 32. dxc4 Qxc4 33. f4 Ba5 34. Qe1 exf4 35. e5 Rc7 36. e6 Re7 37. Rb1 d3 38. Qe5 Qxe6
0-1

[Event "Petrosjan Memorial"]
[Site "SchemingMind.com"]
[Date "2011.03.12"]
[Round "-"]
[White "tyler_ensor"]
[Black "SittingBull"]
[Result "0-1"]
[WhiteCountry "CAN"]
[BlackCountry "CAN"]
[WhiteElo "1862"]
[WhiteRD "62"]
[BlackElo "1918"]
[BlackRD "64"]
[GameID "278302"]

1. e4 c5 2. a4 g6 3. Nc3 Bg7 4. f4 e6 5. Nf3 Ne7 6. e5 O-O 7. d4 d6 8. dxc5 dxe5 9. Nxe5 Qxd1+ 10. Nxd1 Bd7
11. Bb5 Bxb5 12. axb5 a6 13. g4 f6 14. Nc4 Nd7 15. bxa6 Nxc5 16. a7 Na6 17. Nc3 Rxa7 18. Be3 Raa8 19. Kf2 Nb4 20. Na3 Ned5
21. Nxd5 Nxd5 22. Bd2 f5 23. g5 Bxb2
0-1

[Event "Petrosjan Memorial"]
[Site "SchemingMind.com"]
[Date "2011.03.18"]
[Round "-"]
[White "Zerstörer"]
[Black "SittingBull"]
[Result "0-1"]
[WhiteCountry "ITA"]
[BlackCountry "CAN"]
[WhiteElo "1978"]
[WhiteRD "75"]
[BlackElo "1854"]
[BlackRD "66"]
[GameID "278303"]

1. e4 c5 2. Nf3 d6 3. d4 cxd4 4. Nxd4 Nf6 5. Nc3 g6 6. Be3 Bg7 7. f3 Nc6 8. Qd2 Bd7 9. O-O-O h5 10. Bc4 O-O
11. h4 Rc8 12. Bb3 Ne5 13. Bg5 Rc5 14. Kb1 a5 15. a4 Nc4 16. Bxc4 Rxc4 17. Qd3 Qc8 18. Bxf6 Bxf6 19. Nd5 Rxd4 20. Nxf6+ exf6
21. Qxd4 Be6 22. Qxd6 Qc4 23. b3 Qe2 24. Rd2 Qe3 25. Rhd1 f5 26. exf5 Bxf5 27. Qd5 Rc8 28. Qxa5 Qxb3+ 29. Ka1 Bxc2 30. Qd5 Qxa4+
31. Qa2 Bxd1
0-1

[Event "Petrosjan Memorial"]
[Site "SchemingMind.com"]
[Date "2011.03.12"]
[Round "-"]
[White "miriskra"]
[Black "SittingBull"]
[Result "0-1"]
[WhiteCountry "WLS"]
[BlackCountry "CAN"]
[WhiteElo "1941"]
[WhiteRD "59"]
[BlackElo "1918"]
[BlackRD "64"]
[GameID "278304"]

1. d4 Nf6 2. c4 g6 3. Nc3 Bg7 4. e4 d6 5. Be2 O-O 6. Bg5 c5 7. d5 e6 8. f4 Qa5 9. Qc2 exd5 10. cxd5 Re8
11. Bxf6 Bxf6 12. Bf3 Na6 13. Ne2 Rb8 14. O-O b5 15. Ng3 b4 16. Nce2 c4 17. Qxc4 Nc5 18. Qc2 Ba6 19. Rfd1 Rbc8 20. Qd2 Qb6
21. Kh1 Nd3 22. h3 Nf2+ 23. Kh2 Nxd1 24. Rxd1 Rcd8 25. Nc1 Qc5 26. Nb3 Qb6 27. Ne2 Bxe2 28. Qxe2 a5 29. Nd2 Rc8 30. Nc4 Qa6
31. b3 Bc3 32. Qf2 Rcd8 33. Qh4 a4 34. Qg5 axb3 35. axb3 Kg7 36. e5 dxe5 37. fxe5 Bxe5+ 38. Nxe5 Qd6 39. Re1 f6 40. Qf4 Rxe5
41. Rc1 Rxd5
0-1

[Event "Petrosjan Memorial"]
[Site "SchemingMind.com"]
[Date "2011.03.13"]
[Round "-"]
[White "petrus"]
[Black "SittingBull"]
[Result "0-1"]
[WhiteCountry "BEL"]
[BlackCountry "CAN"]
[WhiteElo "1830"]
[WhiteRD "80"]
[BlackElo "1920"]
[BlackRD "65"]
[GameID "278305"]

1. d4 Nf6 2. e3 g6 3. Bd3 Bg7 4. e4 d6 5. Nf3 O-O 6. O-O c5 7. c3 Bg4 8. h3 Bxf3 9. Qxf3 Nbd7 10. Be3 Rb8
11. dxc5 Nxc5 12. Bc2 Qc7 13. Na3 a6 14. Rad1 b5 15. Bxc5 Qxc5 16. Qd3 a5 17. b4 axb4 18. cxb4 Qxb4 19. Rb1 Qa5 20. Rb2 Nxe4
21. Rxb5 Rxb5 22. Nxb5 Nc5 23. Qc4 Rb8 24. a4 Ra8 25. Nd4 Nxa4 26. Ra1 d5 27. Qb3 Bxd4 28. Rxa4 Qe1+ 29. Kh2 Be5+ 30. f4 Rxa4
31. Qxa4 Bf6 32. Qa8+ Kg7 33. Qxd5 Qf2 34. Qe4 Bh4 35. Qe5+ Kh6 36. f5 Qxc2 37. fxg6 Qxg6 38. Qe3+ Bg5 39. Qf3 e5 40. Kg1 e4
41. Qe2 e3 42. Qf3 Bf4 43. g4 Qd6 44. h4 Bh2+ 45. Kg2 e2 46. Qe3+ Qf4 47. Qb6+ f6 48. Qf2 Qxf2+ 49. Kxf2 Bg3+ 50. Kxe2 Bxh4
51. Kf3 Kg5
0-1

[Event "Petrosjan Memorial"]
[Site "SchemingMind.com"]
[Date "2011.03.12"]
[Round "-"]
[White "michel"]
[Black "SittingBull"]
[Result "1-0"]
[WhiteCountry "CAN"]
[BlackCountry "CAN"]
[WhiteElo "2048"]
[WhiteRD "62"]
[BlackElo "1920"]
[BlackRD "65"]
[GameID "278306"]

1. Nf3 Nf6 2. c4 g6 3. Nc3 Bg7 4. e4 d6 5. d4 O-O 6. Be2 e5 7. O-O Nc6 8. Be3 a5 9. d5 Ne7 10. c5 Ne8
11. cxd6 cxd6 12. Nd2 f5 13. f3 f4 14. Bf2 g5 15. Nc4 Ng6 16. Nb5 Rf7 17. Bb6 Qf6 18. Bxa5 Bf8 19. Bb4 g4 20. fxg4 Rg7
21. Nb6 Qh4 22. Be1 Qg5 23. Nxa8 h5 24. Rc1 Bxg4 25. Nac7 Nf6 26. Qc2 Nh4 27. Bxh4 Qxh4 28. Bf3 Bd7 29. Qf2 Qg5 30. Ne6 Bxe6
31. dxe6 Ng4 32. Qe1 Ne3 33. Rf2 Be7 34. Rc7 h4 35. h3 Qg3 36. Qe2 Qg6 37. Nc3 Qxe6 38. Nd5 Nxd5 39. exd5 Qf5 40. Qe4
1-0

[Event "Petrosjan Memorial"]
[Site "SchemingMind.com"]
[Date "2011.03.14"]
[Round "-"]
[White "vetran"]
[Black "SittingBull"]
[Result "1-0"]
[WhiteCountry "NED"]
[BlackCountry "CAN"]
[WhiteElo "2032"]
[WhiteRD "84"]
[BlackElo "1920"]
[BlackRD "65"]
[GameID "278307"]

1. d4 Nf6 2. c4 g6 3. Nc3 Bg7 4. e4 d6 5. Be2 O-O 6. Bg5 c5 7. d5 Na6 8. Qd2 Nc7 9. f4 a6 10. a4 Nce8
11. Nf3 Qc7 12. O-O e6 13. e5 Ng4 14. h3 Nh6 15. g4 f6 16. exf6 Nxf6 17. Bxh6 Bxh6 18. g5
1-0